Normal view
MARC view
- Pal, Pradipta Kumar.
Entry Personal Name
001 - CONTROL NUMBER
- control field: 60592
003 - CONTROL NUMBER IDENTIFIER
- control field: OSt
005 - DATE AND TIME OF LATEST TRANSACTION
- control field: 20240910174952.0
008 - FIXED-LENGTH DATA ELEMENTS
- fixed length control field: 240910|| aca||aabn | a|a d
040 ## - CATALOGING SOURCE
- Original cataloging agency: OSt
- Transcribing agency: OSt
100 ## - HEADING--PERSONAL NAME
- Personal name: Pal, Pradipta Kumar.
- Relator term: author.
670 ## - SOURCE DATA FOUND
- Source citation: Work cat.: (OSt): Pal, Pradipta Kumar. author., An active-neutral-point-clamped switched-capacitor multilevel inverter with quasi-resonant capacitor charging /, December 2022.
